[Event "25th European Teams"]
[Site "Batumi GEO"]
[Date "2025.10.06"]
[Round "2.20"]
[Board "1"]
[White "Dardha, Daniel"]
[Black "Nemeth, Zalan"]
[Result "1-0"]
[WhiteTitle "GM"]
[BlackTitle "FM"]
[WhiteElo "2605"]
[BlackElo "2212"]
[WhiteTeam "Belgium"]
[BlackTeam "Ireland"]
[WhiteFideId "240990"]
[BlackFideId "2512041"]
[EventDate "2025.10.05"]

1. Nf3 d5 2. b3 Bf5 3. Bb2 e6 4. g3 Nf6 5. Bg2 Be7 6. d3 h6 7. O-O O-O 8. Nc3 c6
9. Nd2 Nbd7 10. e4 Bg4 11. Qe1 d4 12. Ne2 e5 13. h3 Bh5 14. f4 c5 15. a4 Ne8 16.
g4 Bg6 17. Nf3 f6 18. f5 Bh7 19. h4 Nd6 20. Bc1 Nf7 21. Bh3 Kh8 22. Qg3 b6 23.
Rf2 a6 24. Rg2 b5 25. axb5 axb5 26. Rxa8 Qxa8 27. g5 fxg5 28. hxg5 Nxg5 29. Nxg5
Bxg5 30. Bxg5 hxg5 31. f6 Nxf6 32. Qxg5 Qa1+ 33. Kh2 Qa7 34. Qxe5 Re8 35. Qd6
Qb8 36. Qxb8 Rxb8 37. Nf4 Re8 38. Rg5 c4 39. Rxb5 cxd3 40. cxd3 g5 41. Rxg5 Nxe4
42. dxe4 Rxe4 43. Nh5 Re2+ 44. Kg3 Re3+ 45. Kh4 Rxb3 46. Rd5 Rb8 47. Nf6 Bb1 48.
Kg5 Rb6 49. Bf5 Kg7 50. Rd7+ Kf8 51. Bg6 Ba2 52. Nh7+ Kg8 53. Kh6 Kh8 54. Rd8+
Bg8 55. Ng5 1-0

[Event "25th European Teams"]
[Site "Batumi GEO"]
[Date "2025.10.06"]
[Round "2.20"]
[Board "2"]
[White "Melaugh, Shane"]
[Black "Glek, Igor"]
[Result "0-1"]
[WhiteTitle "CM"]
[BlackTitle "GM"]
[WhiteElo "2192"]
[BlackElo "2432"]
[WhiteTeam "Ireland"]
[BlackTeam "Belgium"]
[WhiteFideId "2509580"]
[BlackFideId "4100484"]
[EventDate "2025.10.05"]

1. e4 c5 2. Nf3 e6 3. d4 cxd4 4. Nxd4 Nc6 5. Nc3 Qc7 6. g3 a6 7. Bg2 Nf6 8. O-O
Nxd4 9. Qxd4 Bc5 10. Qd3 d6 11. h3 Bd7 12. Bf4 h6 13. Rad1 e5 14. Be3 Bb4 15.
Bd2 Rc8 16. Rfe1 O-O 17. a3 Bc5 18. Qf3 Qd8 19. Be3 Qe7 20. g4 Bxe3 21. Qxe3 Be6
22. Rd2 Nd7 23. Red1 Rc6 24. Bf1 Rfc8 25. Qg3 Nf8 26. Bd3 Rxc3 27. bxc3 Rxc3 28.
Qe3 Ng6 29. Kh2 Rxa3 30. Rg1 Nf4 31. Rg3 b5 32. Rd1 Qc7 33. Qd2 Ra2 34. Kg1 Qc5
35. Re3 b4 36. Bf1 Rxc2 37. Qxd6 Qxd6 38. Rxd6 Rc1 39. Rxe6 Nxe6 40. f3 a5 41.
Kf2 Nd4 42. f4 b3 43. fxe5 b2 44. Bd3 Nc2 0-1

[Event "25th European Teams"]
[Site "Batumi GEO"]
[Date "2025.10.06"]
[Round "2.20"]
[Board "3"]
[White "Lenaerts, Lennert"]
[Black "Tureshbayev, Anuar"]
[Result "1-0"]
[WhiteTitle "FM"]
[BlackTitle "CM"]
[WhiteElo "2355"]
[BlackElo "2285"]
[WhiteTeam "Belgium"]
[BlackTeam "Ireland"]
[WhiteFideId "211435"]
[BlackFideId "651081709"]
[EventDate "2025.10.05"]

1. e4 c5 2. Nf3 Nc6 3. d4 cxd4 4. Nxd4 Nf6 5. Nc3 e5 6. Ndb5 d6 7. Bg5 a6 8. Na3
b5 9. Nab1 Ne7 10. Bxf6 gxf6 11. a4 b4 12. Nd5 Nxd5 13. Qxd5 Ra7 14. Bc4 f5 15.
Nd2 Rc7 16. Qd3 Bh6 17. Rd1 O-O 18. O-O Bxd2 19. Rxd2 Qg5 20. Bd5 fxe4 21. Bxe4
Be6 22. Rfd1 Rc4 23. Qe2 Rd8 24. b3 Rc5 25. Rxd6 Rxd6 26. Rxd6 a5 27. g3 Bf5 28.
h4 Qe7 29. Ra6 Qd7 30. h5 Bxe4 31. Qxe4 Qd1+ 32. Kg2 Qxh5 33. Qa8+ Kg7 34. Rxa5
Rxc2 35. Qe4 Re2 36. Qxb4 Qf5 37. Qf4 Qxf4 38. gxf4 e4 39. Rb5 Rb2 40. Kg3 h5
41. a5 Kg6 42. Rb4 1-0

[Event "25th European Teams"]
[Site "Batumi GEO"]
[Date "2025.10.06"]
[Round "2.20"]
[Board "4"]
[White "O'Gorman, Alice"]
[Black "De Waele, Warre"]
[Result "0-1"]
[BlackTitle "FM"]
[WhiteElo "1960"]
[BlackElo "2326"]
[WhiteTeam "Ireland"]
[BlackTeam "Belgium"]
[WhiteFideId "2508214"]
[BlackFideId "241156"]
[EventDate "2025.10.05"]

1. e4 e5 2. Nc3 Nf6 3. g3 Bc5 4. Bg2 d6 5. Nge2 Nc6 6. d3 a6 7. O-O Be6 8. h3
Qd7 9. Kh2 h5 10. Nd5 Bxd5 11. exd5 Ne7 12. d4 exd4 13. Nxd4 O-O-O 14. c4 Nf5
15. Be3 Nxe3 16. fxe3 Rde8 17. Qd3 Re5 18. b4 Bxb4 19. Rab1 Bc5 20. Qb3 b6 21.
Rfe1 Bxd4 22. exd4 Rxe1 23. Rxe1 Re8 24. Rxe8+ Qxe8 25. Qa3 a5 26. c5 Qe7 27.
cxb6 cxb6 28. Qd3 Kd8 29. Qb5 Qc7 30. Qd3 Ke7 31. Bf3 Kf8 32. Bg2 g6 33. Qb3 Kg7
34. Qd3 Qd7 35. Qa3 Ng8 36. Qb3 Qc7 37. Qd3 Ne7 38. Qb3 Nf5 39. Qb2 Ne3 40. Qd2
Nxg2 41. Kxg2 Qc4 42. g4 Qxd5+ 43. Kg3 hxg4 44. hxg4 Qe4 45. Qc3 Kf6 46. Qd2 Ke6
47. Qc3 Kf6 48. Qc4 Qe3+ 49. Kg2 Qf4 50. Qc8 Kg7 51. d5 Qe4+ 52. Kh3 Qf3+ 53.
Kh2 Qxd5 0-1

[Event "25th European Teams"]
[Site "Batumi GEO"]
[Date "2025.10.07"]
[Round "3.1"]
[Board "1"]
[White "Predke, Alexandr"]
[Black "Maurizzi, MarcAndria"]
[Result "1/2-1/2"]
[WhiteTitle "GM"]
[BlackTitle "GM"]
[WhiteElo "2634"]
[BlackElo "2624"]
[WhiteTeam "Serbia"]
[BlackTeam "France"]
[WhiteFideId "24107581"]
[BlackFideId "36083534"]
[EventDate "2025.10.05"]

1. e4 e5 2. Nf3 Nc6 3. Bb5 Nf6 4. d3 Bc5 5. Nc3 d6 6. Bxc6+ bxc6 7. h3 h6 8. O-O
Bb6 9. a4 a5 10. Be3 O-O 11. Re1 Nh7 12. d4 Qf6 13. dxe5 dxe5 14. Nb1 Rd8 15.
Nbd2 Nf8 16. Qc1 Ba6 17. Nh2 Ng6 18. Ng4 Qe6 19. Nf3 h5 20. Ngh2 Rd7 21. Bxb6
cxb6 22. Qg5 Re8 23. Qxh5 Nf4 24. Qg4 f6 25. Qxe6+ Nxe6 26. Nf1 Red8 27. h4 Nc5
28. b3 Rd6 29. N3h2 Ne6 30. Ne3 Nf4 31. Nhf1 Ne2+ 32. Kh2 Kf7 33. f3 Rh8 34. g3
g5 35. Nf5 Rdd8 36. Rad1 gxh4 37. gxh4 Nd4 38. Nxd4 exd4 39. Kg3 Rdg8+ 40. Kf2
c5 41. Nd2 Rxh4 42. Rh1 Rgh8 43. Rxh4 Rxh4 44. Kg3 Rh6 45. Nc4 Rg6+ 46. Kf2 Rh6
47. Kg3 Rg6+ 48. Kf2 1/2-1/2

[Event "25th European Teams"]
[Site "Batumi GEO"]
[Date "2025.10.07"]
[Round "3.1"]
[Board "2"]
[White "Fressinet, Laurent"]
[Black "Sarana, Alexey"]
[Result "1/2-1/2"]
[WhiteTitle "GM"]
[BlackTitle "GM"]
[WhiteElo "2602"]
[BlackElo "2661"]
[WhiteTeam "France"]
[BlackTeam "Serbia"]
[WhiteFideId "608742"]
[BlackFideId "24133795"]
[EventDate "2025.10.05"]

1. d4 Nf6 2. Nf3 d5 3. c4 e6 4. Nc3 Bb4 5. Bg5 h6 6. Bxf6 Qxf6 7. e3 O-O 8. Rc1
Nc6 9. Qb3 a5 10. a3 a4 11. Qc2 Ba5 12. cxd5 exd5 13. Be2 Bf5 14. Qd1 Ne7 15.
O-O Bxc3 16. bxc3 Qd6 17. Ra1 c5 18. dxc5 Qxc5 19. Qd4 Rfc8 20. Rfc1 Rc7 21.
Qxc5 Rxc5 22. Nd4 Rac8 23. Bb5 Rxc3 24. Rxc3 Rxc3 25. Bxa4 Bd3 26. Bb5 Nf5 27.
Nxf5 Bxf5 28. a4 Kf8 29. a5 Ke7 30. a6 bxa6 1/2-1/2

[Event "25th European Teams"]
[Site "Batumi GEO"]
[Date "2025.10.07"]
[Round "3.1"]
[Board "3"]
[White "Indjic, Aleksandar"]
[Black "Lagarde, Maxime"]
[Result "1-0"]
[WhiteTitle "GM"]
[BlackTitle "GM"]
[WhiteElo "2618"]
[BlackElo "2617"]
[WhiteTeam "Serbia"]
[BlackTeam "France"]
[WhiteFideId "911925"]
[BlackFideId "662399"]
[EventDate "2025.10.05"]

1. c4 c5 2. Nf3 g6 3. g3 Bg7 4. Nc3 Nc6 5. Bg2 e6 6. h4 h6 7. d3 Nge7 8. Bd2 d5
9. a3 O-O 10. Rb1 dxc4 11. dxc4 e5 12. Qc1 Kh7 13. Nd5 Nxd5 14. cxd5 Nd4 15. e3
e4 16. Nxd4 cxd4 17. Qc4 f5 18. exd4 b6 19. Bf4 a5 20. d6 Ba6 21. Qd5 Qd7 22.
Bf1 Bb7 23. Bb5 Bxd5 24. Bxd7 e3 25. Rh2 Rad8 26. Bb5 Bxd4 27. Rd1 1-0

[Event "25th European Teams"]
[Site "Batumi GEO"]
[Date "2025.10.07"]
[Round "3.1"]
[Board "4"]
[White "Boyer, Mahel"]
[Black "Ivic, Velimir"]
[Result "1/2-1/2"]
[WhiteTitle "GM"]
[BlackTitle "GM"]
[WhiteElo "2532"]
[BlackElo "2628"]
[WhiteTeam "France"]
[BlackTeam "Serbia"]
[WhiteFideId "45102422"]
[BlackFideId "950122"]
[EventDate "2025.10.05"]

1. Nf3 d5 2. g3 Bg4 3. Bg2 c6 4. O-O e6 5. h3 Bh5 6. d4 Nd7 7. c4 Ngf6 8. Ne5
Nxe5 9. dxe5 Nd7 10. cxd5 cxd5 11. Nc3 Bb4 12. f4 Bg6 13. Kh2 O-O 14. Nb5 Qb6
15. Nd4 Bc5 16. Nb3 Rfd8 17. Bd2 a5 18. Bc3 a4 19. Nd4 Bxd4 20. Qxd4 Rdc8 21. g4
Qxd4 22. Bxd4 Rc4 23. Rad1 Bc2 24. Rd2 Rac8 25. b3 axb3 26. axb3 R4c7 27. b4 Rc4
28. b5 Nc5 29. Bxc5 R8xc5 30. Ra1 g6 31. Ra7 Rxb5 32. e4 Bxe4 33. Bf1 Kg7 34.
Bxc4 dxc4 35. Rd8 Rb2+ 36. Kg3 Rb3+ 37. Kh4 Bg2 38. g5 Rxh3+ 39. Kg4 Rd3 40. Rc8
Bh3+ 41. Kh4 Bf5 42. Rg8+ Kxg8 43. Ra8+ Kg7 44. Rg8+ Kxg8 1/2-1/2

[Event "25th European Teams"]
[Site "Batumi GEO"]
[Date "2025.10.07"]
[Round "3.2"]
[Board "1"]
[White "Fedoseev, Vladimir3"]
[Black "Theodorou, Nikolas"]
[Result "1/2-1/2"]
[WhiteTitle "GM"]
[BlackTitle "GM"]
[WhiteElo "2720"]
[BlackElo "2652"]
[WhiteTeam "Slovenia"]
[BlackTeam "Greece"]
[WhiteFideId "24130737"]
[BlackFideId "4262875"]
[EventDate "2025.10.05"]

1. d4 Nf6 2. c4 g6 3. Nc3 Bg7 4. e4 d6 5. Nf3 O-O 6. Be2 e5 7. d5 a5 8. Be3 Na6
9. Nd2 Nd7 10. O-O f5 11. exf5 gxf5 12. f4 exf4 13. Bxf4 Ne5 14. Nb3 Ng6 15. Be3
a4 16. Nd4 Nc5 17. Kh1 f4 18. Bg1 Nh4 19. Qd2 Qg5 20. Bf3 Bg4 21. Rae1 Qg6 22.
Bxg4 Qxg4 23. Re2 f3 24. gxf3 Qh3 25. Rff2 Rae8 26. Rxe8 Rxe8 27. Nce2 Rf8 28.
Qe3 Be5 29. b4 axb3 30. axb3 Kh8 31. b4 Nd7 32. Qb3 Bxd4 33. Nxd4 Ne5 34. f4
Qxb3 35. Nxb3 Nxc4 36. Nd4 Ne3 37. Ne6 Ra8 38. Nxc7 Ra1 39. h3 Nef5 40. Kh2 Nd4
41. Kg3 Rxg1+ 42. Kxh4 Nf5+ 43. Kh5 Ng7+ 44. Kh4 Nf5+ 45. Kh5 Ng7+ 46. Kh4 1/2-1/2

[Event "25th European Teams"]
[Site "Batumi GEO"]
[Date "2025.10.07"]
[Round "3.2"]
[Board "2"]
[White "Papaioannou, Ioannis"]
[Black "Demchenko, Anton"]
[Result "1/2-1/2"]
[WhiteTitle "GM"]
[BlackTitle "GM"]
[WhiteElo "2623"]
[BlackElo "2628"]
[WhiteTeam "Greece"]
[BlackTeam "Slovenia"]
[WhiteFideId "4201345"]
[BlackFideId "4160258"]
[EventDate "2025.10.05"]

1. d4 Nf6 2. Nf3 g6 3. Nbd2 Bg7 4. e4 d6 5. Bb5+ c6 6. Bc4 O-O 7. O-O d5 8. exd5
cxd5 9. Bd3 Nc6 10. c3 e5 11. dxe5 Ng4 12. Be2 Ngxe5 13. Nb3 Re8 14. Nxe5 Bxe5
15. Bf3 d4 16. cxd4 Nxd4 17. Nxd4 Bxd4 18. Qa4 Bf5 19. Bf4 Qb6 20. Rad1 Bxb2 21.
Rd6 Qc5 22. Bxb7 Rad8 23. Rxd8 Rxd8 24. Be3 Qa3 25. Qxa3 Bxa3 26. Bf3 a6 27. Rd1
Rxd1+ 28. Bxd1 Be6 29. Be2 a5 30. Bb6 a4 31. Bb5 Bxa2 1/2-1/2

[Event "25th European Teams"]
[Site "Batumi GEO"]
[Date "2025.10.07"]
[Round "3.2"]
[Board "3"]
[White "Subelj, Jan"]
[Black "Mastrovasilis, Dimitrios"]
[Result "1/2-1/2"]
[WhiteTitle "GM"]
[BlackTitle "GM"]
[WhiteElo "2545"]
[BlackElo "2522"]
[WhiteTeam "Slovenia"]
[BlackTeam "Greece"]
[WhiteFideId "14618583"]
[BlackFideId "4202694"]
[EventDate "2025.10.05"]

1. e4 e5 2. Nf3 Nc6 3. Bb5 a6 4. Ba4 Nf6 5. O-O Nxe4 6. d4 Be7 7. Re1 b5 8. Rxe4
d5 9. Nxe5 Nxe5 10. Rxe5 bxa4 11. b3 O-O 12. Ba3 Bxa3 13. Nxa3 Re8 14. Rxe8+
Qxe8 15. Nb1 Qe6 16. Nc3 Bd7 17. Qd2 Re8 18. h3 h6 19. Kf1 Bb5+ 20. Nxb5 axb5
21. Re1 Qc6 22. Rxe8+ Qxe8 23. Qc3 Qe4 24. Qxc7 Qxd4 25. Qc8+ Kh7 26. Qf5+ Kg8
27. Qc8+ Kh7 28. Qf5+ Kg8 29. Qc8+ Kh7 30. Qf5+ Kg8 1/2-1/2

[Event "25th European Teams"]
[Site "Batumi GEO"]
[Date "2025.10.07"]
[Round "3.2"]
[Board "4"]
[White "Pavlidis, Antonios"]
[Black "Lavrencic, Matic"]
[Result "1-0"]
[WhiteTitle "GM"]
[BlackTitle "IM"]
[WhiteElo "2579"]
[BlackElo "2479"]
[WhiteTeam "Greece"]
[BlackTeam "Slovenia"]
[WhiteFideId "4212312"]
[BlackFideId "14637847"]
[EventDate "2025.10.05"]

1. e4 c5 2. Nf3 d6 3. d4 cxd4 4. Nxd4 Nf6 5. Nc3 a6 6. Bg5 e6 7. Qf3 h6 8. Bd2
Qc7 9. a4 Nc6 10. Nxc6 bxc6 11. a5 c5 12. Bd3 Bb7 13. O-O Be7 14. Rfe1 Nd7 15.
Qg3 Bf6 16. Kh1 Ne5 17. f4 Nxd3 18. cxd3 Qe7 19. Nd5 Bxd5 20. exd5 O-O 21. Qg4
Rae8 22. Rab1 Bd4 23. b4 Qd7 24. dxe6 Rxe6 25. Rxe6 fxe6 26. Re1 Rf6 27. Qf3 Qb5
28. bxc5 dxc5 29. Qa8+ Rf8 30. Qe4 Rf6 31. Qa8+ Rf8 32. Qe4 Rf6 33. g4 Qb3 34.
g5 hxg5 35. fxg5 Rf2 36. g6 Qd5 37. Qxd5 exd5 38. Bg5 Rf8 39. Re6 c4 40. dxc4
dxc4 41. Rxa6 Rc8 42. Rd6 Bf6 43. Bc1 Kf8 44. a6 Ra8 45. Re6 Be7 46. Bb2 Bc5 47.
Rc6 Be3 48. Ba3+ Ke8 49. Re6+ Kd8 50. Rxe3 Rxa6 51. Rg3 c3 52. Rd3+ Ke8 53. Re3+
Kd8 54. Rxc3 Rxg6 55. Rg3 Ra6 56. Bb2 g6 57. Re3 1-0

[Event "25th European Teams"]
[Site "Batumi GEO"]
[Date "2025.10.07"]
[Round "3.3"]
[Board "1"]
[White "Giri, Anish"]
[Black "Deac, Bogdan-Daniel"]
[Result "1/2-1/2"]
[WhiteTitle "GM"]
[BlackTitle "GM"]
[WhiteElo "2759"]
[BlackElo "2655"]
[WhiteTeam "Netherlands"]
[BlackTeam "Romania"]
[WhiteFideId "24116068"]
[BlackFideId "1226380"]
[EventDate "2025.10.05"]

1. e4 e5 2. Nf3 Nc6 3. Bc4 Nf6 4. d3 Be7 5. O-O O-O 6. Nc3 d6 7. a4 Na5 8. Ba2
Nc6 9. h3 Be6 10. Bxe6 fxe6 11. Ne2 a5 12. Ng3 h6 13. c3 Qd7 14. Bd2 d5 15. Re1
Rad8 16. Rc1 b6 17. Qe2 Bc5 18. Rf1 Qe8 19. b4 axb4 20. cxb4 Bxb4 21. Rxc6 Bxd2
22. Rxc7 Bf4 23. Qb2 Bxg3 24. fxg3 dxe4 25. dxe4 Qxa4 26. Qxb6 Rfe8 27. Re1 Rb8
28. Qc5 Rb5 29. Qd6 Qb4 30. Qc6 Rb6 31. Qc2 Qb2 32. Qc5 Qb5 33. Qc3 Qb2 34. Qc5
Qb5 35. Qe3 Rc6 36. Rxc6 Qxc6 37. Nxe5 Qc7 38. Ng6 e5 39. Kh2 Rd8 40. Rc1 Qb7
41. Rc4 Re8 42. Qc3 Nxe4 43. Qc2 Ng5 44. Nxe5 Rxe5 45. Rc8+ Kf7 46. Rc7+ Qxc7
47. Qxc7+ Re7 48. Qc4+ Re6 49. g4 Ne4 50. Qc7+ Kf6 51. h4 g5 52. Qh7 Ke5 53.
Qf5+ Kd6 54. g3 Ke7 55. Kg2 Nd6 56. Qc5 Kf6 57. Qc3+ Re5 58. Qc6 Ke7 59. Qc7+
Ke6 60. Qb6 Ke7 61. Qa7+ Ke6 62. Qa2+ Ke7 63. Qb2 Nf7 64. Kf3 Kf8 65. Qb6 Kg7
66. Qa6 Re7 67. Qa1+ Re5 1/2-1/2

[Event "25th European Teams"]
[Site "Batumi GEO"]
[Date "2025.10.07"]
[Round "3.3"]
[Board "2"]
[White "Nisipeanu, Liviu-Dieter"]
[Black "Van Foreest, Jorden"]
[Result "1/2-1/2"]
[WhiteTitle "GM"]
[BlackTitle "GM"]
[WhiteElo "2577"]
[BlackElo "2697"]
[WhiteTeam "Romania"]
[BlackTeam "Netherlands"]
[WhiteFideId "1202758"]
[BlackFideId "1039784"]
[EventDate "2025.10.05"]

1. e4 c5 2. Nf3 e6 3. d4 cxd4 4. Nxd4 Nc6 5. Nb5 d6 6. c4 Nf6 7. N1c3 a6 8. Na3
Be7 9. Be2 O-O 10. O-O b6 11. Be3 Bb7 12. Qb3 Ne5 13. Bxb6 Qd7 14. Qc2 Nxe4 15.
Nxe4 Qc6 16. Bd4 Qxe4 17. Qxe4 Bxe4 18. Rfd1 Nc6 19. Bc3 Rab8 20. Bd3 Bxd3 21.
Rxd3 Rfc8 22. b3 Nb4 23. Bxb4 Rxb4 24. Rad1 a5 25. Nb5 d5 26. Na7 Rc7 27. Nb5
Rc8 28. Na7 Rc7 29. Nb5 Rb7 30. a3 R4xb5 31. cxb5 Bxa3 32. Ra1 Bb4 33. Rc1 g6
34. Rf3 Be7 35. g4 Kg7 36. Rc6 g5 37. Ra6 Rxb5 38. Ra7 Bf6 39. h3 Kg6 40. Kf1
Rc5 41. Ke2 Rc2+ 42. Kf1 Ra2 43. Kg2 Ra3 44. Rd7 h6 45. Rb7 Kg7 46. Rd7 Kg6 47.
Rb7 a4 48. bxa4 Rxa4 49. Rd7 Rb4 50. Kf1 Rb8 51. Kg2 Rb1 52. Ra7 Rb8 53. Rd7 Rh8
54. Rb3 h5 55. Rbb7 hxg4 56. hxg4 Rf8 57. f3 Be5 58. Re7 Bd6 59. Red7 Be5 60.
Re7 Bd6 61. Red7 Bf4 62. Kf1 Kf6 63. Ke2 Be5 64. Kd3 Kg6 65. Re7 d4 66. Ke2 Bf4
67. Kd3 Bd6 68. Red7 Be5 69. Rxd4 Bxd4 70. Kxd4 f5 71. gxf5+ exf5 72. Ke3 Ra8
73. Kf2 Ra2+ 74. Kf1 Rd2 75. Rb5 f4 76. Rb8 Kf5 77. Rb5+ Kf6 78. Ra5 Rd6 79. Kf2
Kg6 80. Ra8 Rd2+ 1/2-1/2

[Event "25th European Teams"]
[Site "Batumi GEO"]
[Date "2025.10.07"]
[Round "3.3"]
[Board "3"]
[White "Warmerdam, Max"]
[Black "Lupulescu, Constantin"]
[Result "1/2-1/2"]
[WhiteTitle "GM"]
[BlackTitle "GM"]
[WhiteElo "2582"]
[BlackElo "2577"]
[WhiteTeam "Netherlands"]
[BlackTeam "Romania"]
[WhiteFideId "1048104"]
[BlackFideId "1207822"]
[EventDate "2025.10.05"]

1. Nf3 d5 2. g3 Nf6 3. Bg2 e6 4. O-O Be7 5. d3 O-O 6. a4 Nc6 7. d4 b6 8. c3 Bb7
9. Nbd2 Nb8 10. b3 c5 11. e3 Qc7 12. Bb2 Nc6 13. Rc1 Rac8 14. Re1 Rfd8 15. Qc2
h6 16. Qb1 Qb8 17. Red1 Rd7 18. c4 cxd4 19. cxd5 Nxd5 20. Nxd4 Nxd4 21. Bxd4
Rxc1 22. Rxc1 Bf6 23. Bxf6 Nxf6 24. Qc2 Nd5 25. Qb2 Nf6 26. Qc2 Nd5 27. Qb2 Nf6
28. Qc2 1/2-1/2

[Event "25th European Teams"]
[Site "Batumi GEO"]
[Date "2025.10.07"]
[Round "3.3"]
[Board "4"]
[White "Gavrilescu, David"]
[Black "Van Wely, Loek"]
[Result "0-1"]
[WhiteTitle "GM"]
[BlackTitle "GM"]
[WhiteElo "2535"]
[BlackElo "2630"]
[WhiteTeam "Romania"]
[BlackTeam "Netherlands"]
[WhiteFideId "1227190"]
[BlackFideId "1000268"]
[EventDate "2025.10.05"]

1. e4 c5 2. Nf3 e6 3. d4 cxd4 4. Nxd4 Nc6 5. Nc3 a6 6. Nxc6 bxc6 7. e5 Qc7 8.
Bf4 Ne7 9. Ne4 Ng6 10. Nd6+ Bxd6 11. exd6 Qb6 12. Bc1 c5 13. h4 h5 14. Rh3 Qc6
15. Be3 a5 16. Qd2 Ba6 17. c4 a4 18. O-O-O Rb8 19. Rg3 Rb4 20. Rg5 e5 21. Qc2
O-O 22. Bd2 Rfb8 23. Bxb4 cxb4 24. Bd3 b3 25. axb3 axb3 26. Qc3 Rc8 27. Qxb3 Nf4
28. Bf1 Bxc4 29. Qxc4 Qa6 30. Qxc8+ Qxc8+ 31. Kb1 Qc5 32. Rg3 Qxf2 33. Rc3 e4
34. g3 Ng6 35. Rc4 e3 36. Rc8+ Kh7 37. Re8 Qxg3 38. Bd3 Kh6 39. Bxg6 Kxg6 40.
Rd3 Qe1+ 41. Kc2 e2 42. Rd2 Qxh4 43. Rexe2 Qc4+ 44. Kb1 h4 45. Re3 Qf4 46. Rdd3
Kh5 47. Ka2 g5 48. Ka3 g4 49. Re7 g3 50. Rxd7 Qf5 0-1

[Event "25th European Teams"]
[Site "Batumi GEO"]
[Date "2025.10.07"]
[Round "3.4"]
[Board "1"]
[White "Wojtaszek, Radoslaw"]
[Black "Mamedyarov, Shakhriyar"]
[Result "1/2-1/2"]
[WhiteTitle "GM"]
[BlackTitle "GM"]
[WhiteElo "2654"]
[BlackElo "2742"]
[WhiteTeam "Poland"]
[BlackTeam "Azerbaijan"]
[WhiteFideId "1118358"]
[BlackFideId "13401319"]
[EventDate "2025.10.05"]

1. d4 d5 2. c4 e6 3. Nf3 Nf6 4. g3 dxc4 5. Bg2 Bb4+ 6. Bd2 a5 7. a3 Bxd2+ 8.
Nbxd2 b5 9. b3 c3 10. Nb1 Bb7 11. Nxc3 b4 12. Na4 Nbd7 13. O-O O-O 14. axb4 axb4
15. Qc2 Be4 16. Qc4 Bd5 17. Qxb4 Rb8 18. Qa5 Rxb3 19. Rfc1 Rb8 20. Qxc7 Qxc7 21.
Rxc7 Rb4 22. Nc5 Bxf3 23. Bxf3 Rxd4 24. e3 Rd6 25. Nxd7 Rxd7 26. Rxd7 Nxd7 27.
h4 Ne5 28. Kg2 Nxf3 29. Kxf3 h5 30. Ra2 g6 1/2-1/2

[Event "25th European Teams"]
[Site "Batumi GEO"]
[Date "2025.10.07"]
[Round "3.4"]
[Board "2"]
[White "Safarli, Eltaj"]
[Black "Gumularz, Szymon"]
[Result "1-0"]
[WhiteTitle "GM"]
[BlackTitle "GM"]
[WhiteElo "2630"]
[BlackElo "2592"]
[WhiteTeam "Azerbaijan"]
[BlackTeam "Poland"]
[WhiteFideId "13402129"]
[BlackFideId "1188062"]
[EventDate "2025.10.05"]

1. e4 e5 2. Nf3 Nc6 3. Bc4 Bc5 4. d3 Nf6 5. Nc3 O-O 6. h3 Na5 7. Nxe5 Qe7 8. Ng4
Nxg4 9. hxg4 Nxc4 10. dxc4 Bb4 11. f3 Bxc3+ 12. bxc3 d6 13. c5 Qe5 14. Qd4 Qxc5
15. Qxc5 dxc5 16. Bf4 Be6 17. Bxc7 Rac8 18. Bf4 f6 19. a4 h6 20. a5 Rfd8 21. Kf2
Bc4 22. Be3 Kf7 23. Rh5 b6 24. e5 fxe5 25. g5 hxg5 26. axb6 axb6 27. Ra7+ Kg8
28. Rxg5 Bf7 29. Rf5 Rf8 30. Rxe5 Ra8 31. Ree7 Rxa7 32. Rxa7 Bg6 33. Rb7 Rf6 34.
Bg5 Rd6 35. Bf4 Re6 36. Bc7 Bxc2 37. Bxb6 Rc6 38. Bc7 Re6 39. Bf4 c4 40. Be3 Rf6
41. Bd4 Rf7 42. Rb8+ Kh7 43. Kg3 Bd3 44. f4 Re7 45. Kh4 Be4 46. g4 Bf3 47. Rc8
Be2 48. Kg3 Bf1 49. f5 Bd3 50. Rf8 1-0

[Event "25th European Teams"]
[Site "Batumi GEO"]
[Date "2025.10.07"]
[Round "3.4"]
[Board "3"]
[White "Teclaf, Pawel"]
[Black "Suleymanli, Aydin"]
[Result "1/2-1/2"]
[WhiteTitle "GM"]
[BlackTitle "GM"]
[WhiteElo "2563"]
[BlackElo "2614"]
[WhiteTeam "Poland"]
[BlackTeam "Azerbaijan"]
[WhiteFideId "1185934"]
[BlackFideId "13413937"]
[EventDate "2025.10.05"]

1. c4 Nf6 2. Nf3 e6 3. b3 d5 4. Bb2 c5 5. cxd5 exd5 6. g3 Nc6 7. Bg2 d4 8. O-O
Be7 9. Na3 O-O 10. Nc4 Be6 11. e3 Bd5 12. exd4 cxd4 13. Re1 Re8 14. Nce5 Nxe5
15. Nxe5 Bc5 16. Nd3 Rxe1+ 17. Nxe1 Bb6 18. Bxd5 Qxd5 19. Qf3 Rc8 20. Qxd5 Nxd5
21. Kf1 f6 22. a3 a5 23. Ke2 Ne7 24. Kd3 g5 25. Nf3 Nc6 26. g4 Kf7 27. Re1 h5
28. h3 hxg4 29. hxg4 Rh8 30. Ke4 Re8+ 1/2-1/2

[Event "25th European Teams"]
[Site "Batumi GEO"]
[Date "2025.10.07"]
[Round "3.4"]
[Board "4"]
[White "Muradli, Mahammad"]
[Black "Kosakowski, Jakub"]
[Result "1/2-1/2"]
[WhiteTitle "GM"]
[BlackTitle "GM"]
[WhiteElo "2584"]
[BlackElo "2550"]
[WhiteTeam "Azerbaijan"]
[BlackTeam "Poland"]
[WhiteFideId "13409301"]
[BlackFideId "1185080"]
[EventDate "2025.10.05"]

1. d4 Nf6 2. c4 e6 3. Nf3 d5 4. Nc3 Bb4 5. Qa4+ Nc6 6. a3 Bxc3+ 7. bxc3 Bd7 8.
cxd5 exd5 9. Qc2 Na5 10. Bg5 c5 11. e3 h6 12. Bh4 O-O 13. Ne5 cxd4 14. Bxf6 gxf6
15. Nxd7 Qxd7 16. cxd4 Rac8 17. Qd3 Rc7 18. Be2 Rfc8 19. O-O Rc3 20. Qd1 Nc4 21.
a4 Kg7 22. Bf3 Qe6 23. Qe2 Nd6 24. Rfb1 R8c7 25. h3 Rc2 26. Qd1 f5 27. Rc1 R2c4
28. Be2 Rc3 29. Rxc3 Rxc3 30. Bf3 Ne4 31. a5 Ng5 32. h4 Ne4 33. Bxe4 fxe4 34.
Rb1 Qc8 35. g3 Ra3 36. Rb5 Qd7 37. Rc5 b6 38. axb6 axb6 39. Rc2 Qf5 40. Rb2 Rd3
41. Qe2 Qg6 42. Rb5 Qc6 43. Qg4+ Kf8 44. Rb1 Rc3 45. Kg2 Rxe3 46. fxe3 Qc2+ 47.
Kh3 Qxb1 48. Qc8+ 1/2-1/2